Państwa według znanego człowieka #3 - Statystyki

Ogólne statystyki
  • Ten quiz został rozwiązany 29 razy
  • Średni wynik to 7 z 10
Statystyki odpowiedzi
Człowiek Państwo % Poprawnych
Maria Skłodowska-Curie Polska
100%
Jezus z Nazaretu Izrael
93%
Wołodymyr Zełenski Ukraina
90%
Arystoteles Grecja
79%
Mahomet Arabia Saudyjska
76%
Zygmunt III Waza Szwecja
76%
Jan Hus Czechy
66%
Adam Mickiewicz Białoruś
55%
Stefan Batory Rumunia
41%
Henry Dunant Szwajcaria
17%
Nie znaleziono quizów pasujących do podanych kryteriów
Rozkład punktacji
Procent ludzi z każdym wynikiem
Percentyl według liczby udzielonych odpowiedzi
Twoja historia wyników
Nie rozwiązałeś tego quizu